| 000 | 01110cam a22003377a 4500 | ||
|---|---|---|---|
| 003 | CHAP | ||
| 005 | 20220817041945.0 | ||
| 008 | 971013s r 00010 d | ||
| 010 | _a29997 | ||
| 011 | _a30969 | ||
| 035 | _a35081 | ||
| 040 | _cCHAP | ||
| 082 |
_a333.72 _bN33 |
||
| 110 | 0 | 0 |
_aOrganización de las Naciones Unidas. _983534 |
| 245 | 1 | 3 | _aLa ciencia y la tecnología al servicio del desarrollo ; informe de la conferencia de las Naciones Unidas |
| 260 |
_aBuenos Aires : _bEd. Sudamericana, _c19 - |
||
| 300 | _a8 v. | ||
| 500 | _aLa biblioteca tiene : v.3 Agricultura | ||
| 590 |
_aBATCH-UPD _b10 _c20130110 _lUCH01 _h1748 |
||
| 590 |
_aBATCH-UPD _b10 _c20130410 _lUCH01 _h1126 |
||
| 590 |
_aBATCH-UPD _b10 _c20130914 _lUCH01 _h1457 |
||
| 590 |
_aCONVERSION _b10 _c20130109 _lUCH01 _h1317 |
||
| 650 | 1 | 4 |
_aAgricultura. _91172 |
| 650 | 1 | 4 |
_aGanadería. _944604 |
| 650 | 1 | 4 |
_aNutrición. _982246 |
| 650 | 1 | 4 |
_aRecursos naturales _xConservación. |
| 650 | 1 | 4 |
_aZoonosis. _9124194 |
| 901 | _aBK | ||
| 942 | _cLIBRO | ||
| 949 |
_a333.72 N33 _bBC _cLIBRO _d33724000356499 _eLIBRO _fv.3 _h42146 _i35081 _si |
||
| 999 |
_c29997 _d29997 |
||